000
00271nam a2200109Ia 4500
008
220120s9999||||xx |||||||||||||| ||und||
100
_a
Govindegowda, M.S
_9
11654
245
0
_a
Text book of turbo machines
260
_c
2005
300
_b
0
650
_a
PROGRAMMING LANGUAGE
999
_c
136757
_d
136757